书目信息 |
| 题名: |
康复景观设计
|
|
| 作者: | 王晓博 著 | |
| 分册: | ||
| 出版信息: | 北京 中国建筑工业出版社 2018.07 |
|
| 页数: | 172页 | |
| 开本: | 26cm | |
| 丛书名: | ||
| 单 册: | ||
| 中图分类: | TU246.2 | |
| 科图分类: | ||
| 主题词: | 民用建筑--建筑设计 | |
| 电子资源: | ||
| ISBN: | 978-7-112-22654-2 | |
| 000 | 00584nam0 2200193 450 | |
| 001 | 1937026458 | |
| 005 | 20190311101841.60 | |
| 010 | @a978-7-112-22654-2@dCNY58.00 | |
| 100 | @a20190311d2018 km y0chiy0120 ea | |
| 101 | 0 | @achi |
| 102 | @aCN@b110000 | |
| 200 | 1 | @a康复景观设计@AKang Fu Jing Guan She Ji@f王晓博著@FWang Xiao Bo Zhu |
| 210 | @a北京@c中国建筑工业出版社@d2018.07 | |
| 215 | @a172页@d26cm | |
| 606 | 0 | @a民用建筑@x建筑设计 |
| 690 | @aTU246.2@v4 | |
| 701 | 0 | @a王晓博@AWang Xiao Bo@4著 |
| 801 | 0 | @aCN@b大连网信软件有限公司图书馆·11@c20190311 |
| 905 | @aZUCC@dTU246.2@eW380 | |
| 康复景观设计/王晓博著.-北京:中国建筑工业出版社,2018.07 |
| 172页;26cm |
| ISBN 978-7-112-22654-2:CNY58.00 |
| ● |
| 相关链接 |
|
|
|
正题名:康复景观设计
索取号:TU246.2/W380
 
预约/预借
| 序号 | 登录号 | 条形码 | 馆藏地/架位号 | 状态 | 备注 |
| 1 | 1244125 | 212441259 | 建筑库101/101建筑库 105排3列4层/ [索取号:TU246.2/W380] | 在馆 |